Minecraft Biomes: Snowy Taiga - Statistics

General Stats
  • This quiz has been taken 12 times
  • The average score is 13 of 30
Answer Stats
Block Category Answer % Correct
Plants Tree Spruce
92%
Blocks Surface Snow
83%
Structures Surface Igloo
67%
Mobs Monster Zombie
67%
Mobs Monster Skeleton
58%
Mobs Monster Creeper
50%
Mobs Creature Fox
50%
Mobs Monster Spider
50%
Mobs Creature Cow
42%
Mobs Monster Enderman
42%
Plants Foliage Fern
42%
Plants Foliage Large Fern
42%
Structures Underground Mineshaft
42%
Mobs Creature Pig
42%
Mobs Creature Sheep
42%
Mobs Monster Zombie Villager
42%
Mobs Ambient Bat
33%
Mobs Creature Chicken
33%
Mobs Underground Water Glow Squid
33%
Blocks Surface Grass Block
33%
Plants Foliage Short Grass
33%
Structures Underground Stronghold
33%
Structures Underground Trial Chambers
33%
Mobs Creature Wolf
33%
Mobs Creature Rabbit
25%
Structures Surface Ruined Portal
25%
Mobs Monster Slime
25%
Structures Surface Trail Ruins
25%
Mobs Monster Witch
25%
Plants Foliage Sweet Berry Bush
17%
No matching quizzes found
Score Distribution
Percent of People with Each Score
Percentile by Number Answered
Your Score History
You have not taken this quiz